000 00508nam a22001937a 4500
003 MPLRDC
005 20220104114245.0
008 210129b ||||| |||| 00| 0 eng d
020 _a962-451-028-8
082 _a889 HGCS-2 v.11
100 _aTHOMAS HARRIS
245 _a沈默的羔羊
_c江慧君、吴安兰译
250 _a初版八刷
260 _a
_b皇冠出版社
_c1993
300 _b
490 _a皇冠丛书. 1926
650 _a西洋小说之中文翻译
942 _cBK
_o889 HGCS-2 v.11
999 _c6070
_d6060